100 BTS song - Statistics

General Stats
  • This quiz has been taken 360 times
  • The average score is 48 of 100
Answer Stats
Answer % Correct
2 N.O
93%
97 butter
88%
98 dynamite
88%
68 on
86%
1 no more dream
84%
35 fake love
80%
72 run
79%
26 DNA
78%
40 idol
77%
30 euphoria
75%
73 fire
75%
28 mic drop
74%
24 spring day
74%
39 save me
73%
9 Blood sweat and tears
71%
84 dope
70%
62 black swan
67%
96 permission to dance
67%
33 love
66%
47 anpanman
65%
5 danger
65%
77 life goes on
62%
23 not today
62%
90 go go
61%
75 i need u
61%
6 war of hormone
61%
12 lie
60%
27 serendipity
60%
51 airplane pt 2
59%
74 butterfly
59%
79 home
59%
29 dimple
58%
63 filter
58%
20 just one day
58%
37 epiphany
57%
46 magic shop
57%
34 singularity
57%
92 we are bulletproof pt 2
55%
60 dionysus
54%
58 make it right
54%
11 begin
53%
81 silver spoon
53%
71 moon
52%
57 persona
52%
38 i'm fine
51%
32 seesaw
51%
13 stigma
51%
36 the truth untold
51%
25 best of me
50%
19 MAMA
50%
64 my time
49%
65 friends
48%
67 UGH
48%
16 awake
46%
66 louder than bomb
46%
48 so what
46%
59 jamais vu
45%
31 just dance
44%
45 love maze
44%
94 we are bulletproof the eternal
44%
70 inner child
43%
44 boy with love
41%
14 first love
41%
50 paradise
41%
85 converse high
40%
61 shadow
40%
43 stay gold
40%
100 reflection
39%
69 zero o'clock
39%
4 attack on bangtan
38%
21 boy in love
37%
8 Cypher pt 3
37%
15 2!3!
37%
42 her
37%
83 ma city
37%
7 Cypher pt 2
36%
52 134340
35%
22 tomorrow
35%
18 am i wrong
34%
10 boy meets evil
34%
78 blue and grey
32%
86 whalien 52
32%
3 Cypher pt 1
31%
89 film out
31%
95 for you
31%
91 lights
31%
82 hold me tight
30%
53 let me know
26%
87 miss right
22%
88 moving on
20%
17 21st century girls
19%
41 answer love myself
18%
55 24/7 heaven
17%
99 outro ego
16%
49 outro tear
14%
76 epilogue young forever
7%
93 we are bulletproof pt 1
7%
54 blanket kick
6%
56 can you turn off your phone
1%
80 mykrokosmos
1%
No matching quizzes found
Score Distribution
Percent of People with Each Score
Percentile by Number Answered
Your Score History
You have not taken this quiz